Pragmat of spirit [
| Format: | Book |
|---|---|
| Published: |
Onitsha,Nepal :
Peace and Godwin ,
1989
|
| Subjects: |
MARC
| LEADER | 00000cam a2200000 7i4500 | ||
|---|---|---|---|
| 001 | 0000017624 | ||
| 005 | 20061130.0 | ||
| 040 | |a INS | ||
| 090 | 0 | 0 | |a DS493.3 1989 |
| 245 | 0 | 0 | |a Pragmat of spirit [ |h video recording] |
| 260 | |a Onitsha,Nepal : |b Peace and Godwin , |c 1989 | ||
| 300 | |a 1 Video cassette(VHS) : |b sd.,col. ; |c 1/2 in. | ||
| 650 | 0 | 0 | |a Nepal |x Description and travel |
| 999 | |a VHS599 |b VIDEO |c Media Collection |e Default branch | ||